El papel de las tecniologías de informaión en la vida cotidiana /

Sábháilte in:
Sonraí bibleagrafaíochta
Príomhchruthaitheoir: Arellano Ceballos, Aideé
Rannpháirtithe: Ramírez Vázques, Vanessa A., Zermeño Flores, Ana Isabel
Formáid: Téacs
Clibeanna: Cuir clib leis
Níl clibeanna ann, Bí ar an gcéad duine le clib a chur leis an taifead seo!

MARC

LEADER 00000 a a2200000 04500
001 7760
003
040
100 |a Arellano Ceballos, Aideé  
245 |a El papel de las tecniologías de informaión en la vida cotidiana /  |c Aideé Arellano Ceballos ; Vanessa A. Ramírez Vázques ; Ana Isabel Zermeño Flores 
700 |a Ramírez Vázques, Vanessa A.  
700 |a Zermeño Flores, Ana Isabel  
773 |g volumen 13, número 25; pp 151-160  
999 |c 38802  |d 38802